000 01002nmc a2200325 a 4500
003 AR-BaBNM
005 20251128205825.0
008 248019s1997 ||||||||||||||000 | spa||
020 _a84-85840-64-X
040 _cAR-BaBNM
100 1 _aGotzens, Concepción
245 1 0 _aLa disciplina escolar
_bprevención e intervención en los problemas del comportamiento escolar
250 _a1ª ed.
260 _aBarcelona
_bICE
_c1997
300 _a239 p.
490 0 _aCuadernos de educación
_vv. 24
500 _aReferencias bibliográficas: p. 233-239
650 4 _aDISCIPLINA ESCOLAR
650 4 _aPROBLEMAS DISCIPLINARIOS
650 4 _aRELACION ALUMNO-DOCENTE
650 4 _aCOMUNICACION NO VERBAL
650 4 _aPSICOLOGIA DE LA EDUCACION
650 4 _aREGLAMENTOS EDUCACIONALES
650 4 _aMARCO DE REFERENCIA INSTITUCIONAL
650 4 _aADMINISTRACION ESCOLAR
650 4 _aPROBLEMAS DE COMPORTAMIENTO
800 1 _aColl, César
_edirector
942 _cBK
998 _carturo
999 _c12961
_d12961